000 00759nam a2200229Ii 4500
003 JO-AjNU
008 230605s9999||||xx |||||||||||||| ||und||
017 _a2008/9/3363
020 _a9957-16-482-9
040 _aJO-AjNU
_bara
_erda
_cJO-AjNU
041 _aara
050 1 4 _aK5064.J85.2009
100 3 _a الجميلي ، أسعد عبيد ,
_eauthor
_912424
245 0 0 _aالخطأ في المسؤولية الطبية المدنية " دراسة مقارنة "
250 _aط1
264 3 1 _aعمان : دار الثقافة ، 2009
300 _a496ص
336 _atext
_btxt
_2rdacontent
337 _aunmediated
_bn
_2rdamedia
338 _avolume
_bnc
_2rdacarrier
650 4 _aالقانون الخاص -- الأخطاء الطبية
_912425
999 _aA2829
_c6397
_d6397